| 000 | 00433nam a2200169Ia 4500 | ||
|---|---|---|---|
| 003 | LK-CoDNM | ||
| 005 | 20240826104439.0 | ||
| 008 | 010623t1913 xxu||||| |||| 00| 1 eng d | ||
| 040 |
_aLK-CoDNM _dLK-CoDNM _eLK-CoDNM |
||
| 041 | _aeng | ||
| 080 |
_a22 _bI11 |
||
| 100 | _aPargiter, F.E. | ||
| 245 | _aThe Purana Text of the Dynasties of the Kali age | ||
| 260 |
_bOxford university _c1913 |
||
| 300 | _b97p. : 28 cm | ||
| 942 | _cBK | ||
| 999 |
_c87758 _d87758 |
||